|
|
|
|
| LEADER |
01940nam a2200325 a 4500 |
| 001 |
13153298 |
| 008 |
110926r20092004caua b 001 0 eng |
| 010 |
|
|
|a 2003105243
|
| 020 |
|
|
|a 9788131505953
|
| 020 |
|
|
|a 8131505952
|
| 020 |
|
|
|a 0534408966
|
| 040 |
|
|
|a DLC
|c DLC
|d DLC
|d BD-DhAAL
|
| 082 |
0 |
0 |
|a 531/.11
|2 22
|
| 100 |
1 |
|
|a Thornton, Stephen T.
|
| 245 |
1 |
0 |
|a Classical dynamics of particles and systems /
|c Stephen T. Thornton, Jerry B. Marion.
|
| 250 |
|
|
|a India ed.
|
| 260 |
|
|
|a Belmont, CA :
|b Brooks/Cole ;
|a New Delhi :
|b Cengage Learning,
|c c2004 [reprinted 2009].
|
| 300 |
|
|
|a 573 p. :
|b ill. ;
|c 24 cm.
|
| 500 |
|
|
|a Marion's name appears first on earlier edition.
|
| 504 |
|
|
|a Includes bibliographical references and index.
|
| 541 |
|
|
|e 00023485
|
| 650 |
|
0 |
|a Dynamics.
|
| 700 |
1 |
|
|a Marion, Jerry B.
|
| 852 |
1 |
|
|a Ayesha Abed Library
|c General shelf.
|
| 999 |
|
|
|c 11261
|d 11261
|
| 952 |
|
|
|0 0
|1 0
|2 ddc
|4 0
|6 531_110000000000000_THO
|7 0
|9 18213
|a BRACUL
|b BRACUL
|c GEN
|d 2011-09-24
|e Paragon Enterprises Ltd.
|g 648.00
|l 14
|m 151
|o 531.11 THO
|p 3010023485
|r 2025-09-17
|s 2025-06-17
|t 1
|w 2011-09-27
|y BK
|
| 952 |
|
|
|0 0
|1 0
|2 ddc
|4 0
|6 531_110000000000000_THO
|7 0
|9 18214
|a BRACUL
|b BRACUL
|c GEN
|d 2011-09-24
|e Paragon Enterprises Ltd.
|g 648.00
|l 16
|m 201
|o 531.11 THO
|p 3010023486
|r 2026-03-01
|s 2025-04-28
|t 2
|w 2011-09-27
|y BK
|x Koha Inventory 2020
|
| 952 |
|
|
|0 0
|1 0
|2 ddc
|4 0
|6 531_110000000000000_THO
|7 0
|9 18215
|a BRACUL
|b BRACUL
|c GEN
|d 2011-09-24
|e Paragon Enterprises Ltd.
|g 648.00
|l 17
|m 212
|o 531.11 THO
|p 3010023487
|r 2025-04-13
|s 2025-02-03
|t 3
|w 2011-09-27
|y BK
|
| 952 |
|
|
|0 0
|1 0
|2 ddc
|4 0
|6 531_110000000000000_THO
|7 0
|9 18216
|a BRACUL
|b BRACUL
|c GEN
|d 2011-09-24
|e Paragon Enterprises Ltd.
|g 648.00
|l 11
|m 87
|o 531.11 THO
|p 3010023488
|r 2025-09-18
|s 2025-06-17
|t 4
|w 2011-09-27
|y BK
|
| 952 |
|
|
|0 0
|1 0
|2 ddc
|4 0
|6 531_000000000000000__11_THO
|7 0
|9 18217
|a BRACUL
|b BRACUL
|c GEN
|d 2011-09-24
|e Paragon Enterprises Ltd.
|g 648.00
|l 18
|m 134
|o 531.11 THO
|p 3010023489
|r 2024-09-24
|s 2024-06-03
|t 5
|w 2011-09-27
|y BK
|